Statistics for Countries the United States Declared War On

Click here to take the quiz!

General Stats

  • This quiz has been taken 1,902 times
  • The average score is 8 of 10

Answer Stats

Country% Correct
Germany
99%
United Kingdom
98%
Japan
97%
Italy
93%
Mexico
90%
Spain
89%
Austria-Hungary
84%
Bulgaria
68%
Romania
67%
Hungary
61%

Score Distribution

Percentile by Number Answered

Percent of People with Each Score

Your Score History

You have not taken this quiz